America's story

Gespeichert in:
Bibliographische Detailangaben
Weitere Verfasser: Jacobs, William Jay (BerichterstatterIn), Rocca, Al M. (BerichterstatterIn)
Format: Buch
Sprache:Englisch
Erschienen: Boston [u.a.] Houghton Mifflin 1988
Ausgabe:Teacher's annotated ed.
Katalog:GEI:  Suchergebnis im Bibliothekskatalog
Schulbuchspezifische Eigenschaften:
Schlagworte:
Tags: Tag hinzufügen
Keine Tags, Fügen Sie den ersten Tag hinzu!
Hinzugefügt zu:27.04.2008
Geändert in:18.06.1995

MARC

LEADER 00000cam a2200000 c 4500
001 565090607
003 DE-627
005 20251128224111.0
007 tu
008 080428s1988 xxu||||| 00| ||eng c
020 |a 0395435285  |9 0-395-43528-5 
035 |a (DE-627)565090607 
035 |a (DE-599)GBV565090607 
035 |a (OCoLC)837315463 
040 |a DE-627  |b ger  |c DE-627  |e rakwb 
041 |a eng 
044 |c XD-US 
084 |a 30  |2 ssgn 
084 |a f2013:0222  |2 isced 
084 |a p2011:3  |2 isced 
245 0 0 |a America's story  |c [William Jay] Jacobs ... Consulting author: Al M. Rocca 
246 1 |i Ansetzungssachtitel  |a America's story / Teacher's annotated edition 
250 |a Teacher's annotated ed. 
264 1 |a Boston [u.a.]  |b Houghton Mifflin  |c 1988 
300 |a T126, XX, H15, 828 S.  |b Ill., graph. Darst., Kt., Tab. 
336 |a Text  |b txt  |2 rdacontent 
337 |a ohne Hilfsmittel zu benutzen  |b n  |2 rdamedia 
338 |a Band  |b nc  |2 rdacarrier 
583 1 |a Archivierung prüfen  |c 20240324  |f DE-4165  |z 1  |2 pdager 
655 7 |a Lehrerhandbuch  |0 (DE-588)4167168-5  |0 (DE-627)10542739X  |0 (DE-576)209906774  |2 gnd-content 
689 0 0 |D s  |0 (DE-588)4020533-2  |0 (DE-627)106317695  |0 (DE-576)208933778  |a Geschichtsunterricht  |2 gnd 
689 0 1 |D s  |0 (DE-588)4054367-5  |0 (DE-627)106162985  |0 (DE-576)20910841X  |a Sekundarstufe 2  |2 gnd 
689 0 2 |D g  |0 (DE-588)4078704-7  |0 (DE-627)106076612  |0 (DE-576)209209682  |a USA  |2 gnd 
689 0 |5 (DE-627) 
700 1 |a Jacobs, William Jay  |4 oth 
700 1 |a Rocca, Al M.  |4 oth 
912 |a GBV_ILN_216 
912 |a ISIL_DE-Bs78 
912 |a SYSFLAG_1 
912 |a GBV_KXP 
951 |a BO 
980 |2 216  |1 01  |x 3708  |b 872415570  |c 00  |f --%%--  |d USA H-360(1,88)L  |e u  |j --%%--  |h 005.50.0360.0000.01.1988.001.  |y nsb  |z 19-06-95 
983 |2 216  |1 00  |x DE-Bs78  |8 00  |a l005 
983 |2 216  |1 00  |x DE-Bs78  |8 00  |a z505 
983 |2 216  |1 00  |x DE-Bs78  |8 00  |a dld 
984 |2 216  |1 01  |x 3708  |a BS78$10705104 
985 |2 216  |1 01  |x 3708  |a 95/1598 
995 |2 216  |1 01  |x 3708  |a 005.50.0360.0000.01.1988.001.